Estatísticas para Times que Cristiano Ronaldo marcou contra

Clique aqui para jogar o quiz

Estatísticas Gerais

  • Esse quiz foi jogado 287 vezes
  • A pontuação média é 34 de 127

Estatísticas das Respostas

GolsResposta% Correto
16Barcelona
99%
21Atlético de Madrid
92%
5Manchester City
85%
5Juventus
82%
1Chelsea
80%
1Porto
78%
9Bayern de Munique
77%
3Liverpool
77%
23Sevilla
77%
2Milan
75%
13Valencia
75%
6Arsenal
74%
1Inter de Milão
73%
4Borussia Dortmund
70%
2Manchester United
68%
3Sporting Lisboa
64%
4Real Betis
60%
8Tottenham
60%
12Real Sociedad
58%
5Roma
58%
12Villareal
56%
16Athletic Bilbao
55%
7Ajax
49%
4Lyon
49%
15Espanyol
48%
5Everton
47%
7Celta
46%
11Celta de Vigo
46%
20Getafe
45%
12Granada
44%
6Newcastle
44%
9Aston Villa
43%
15Málaga
43%
5West Ham
43%
11La Coruña
38%
14Levante
38%
12Osasuna
38%
7Real Mallorca
36%
6Eibar
35%
3Alavés
34%
6Galatasaray
32%
12Rayo Vallecano
31%
7Real Zaragoza
31%
7Elche
30%
7Schalke 04
30%
4Olympique Marseille
28%
2Southampton
28%
3Wolfsburg
28%
3CSKA Moscou
27%
7Fulham
26%
3Las Palmas
26%
3Valladolid
24%
7Almeria
23%
1Sunderland
23%
2APOEL
20%
6Malmo
20%
6Sporting Gijón
19%
1Argentina
18%
5Suécia
18%
2Watford
18%
4West Bromwich
18%
6Bolton
17%
4Holanda
16%
2Birmingham
15%
3Blackburn
15%
2Basel
14%
1Coréia do Norte
14%
1Grécia
14%
3Bélgica
13%
2Hull City
13%
3Kashima Anthlers
13%
5Middlesbrough
13%
1Polônia
13%
2Rússia
13%
7Wigan Athletic
13%
4Derby Country
12%
4Hungria
12%
6Portsmouth
12%
2Stoke City
12%
1Tenerife
12%
1Gana
11%
3Luxemburgo
11%
4Reading
11%
4Andorra
10%
1Boavista
10%
1Córdoba
10%
4Estônia
10%
6Racing Santander
10%
5Armênia
9%
2Bósnia
9%
1Finlândia
9%
1Islândia
9%
3Letônia
9%
1País de Gales
9%
5Shakhtar Donetsk
9%
3Dinamarca
8%
2República Tcheca
8%
1Croácia
7%
3Dinamo de Kiev
7%
3Irlanda do Norte
7%
2Camarões
6%
1Charlton
6%
2Chipre
6%
3Copenhague
6%
1Eslováquia
6%
2Hércules
6%
2Moreirense
6%
2Ludogorets
5%
1Real Murcia
5%
1América do México
4%
1Equador
4%
2Azerbaijão
3%
2Cazaquistão
3%
1Ilhas Faroe
3%
1Millwall
3%
1Panamá
3%
4Xeres
3%
2Arábia Saudita
2%
1Irão
2%
1Ponferradina
2%
1Auxerre
1%
1Exeter City
1%
1Oliveira do Hospital
1%
2Zurique
1%
1Debreceni
0%
1Estarreja
0%
1Gamba Osaka
0%

Distribuição das Pontuações

Percentil de Números Respondidos

Porcentagem de Pessoas com Cada Pontuação

Sua Pontuação Histórica

Você não jogou esse quiz